| 000 | 00894nas a2200253 4500 | ||
|---|---|---|---|
| 001 | BR7602136 | ||
| 003 | BR-BrBNA | ||
| 005 | 20231205082955.0 | ||
| 007 | ta | ||
| 008 | 230509b bl.|||p| |||| 00| 00por d | ||
| 040 |
_aBR-BrBNA _bpor _cBiblioteca Nacional de Agricultura |
||
| 041 | _a(Pt) | ||
| 072 | _aH10 | ||
| 100 | 1 | _aAmaral Filho, B.F. do | |
| 100 | 1 | _aStorti Filho, A. | |
| 111 | 1 |
_a3. Congresso Brasileiro da Sociedade Entomologica do Brasil _cMaceio, AL (Brazil) _d1976 |
|
| 245 | 1 | _aEstudos biologicos sobre Leptoglossus gonagra (Fabricius, 1775), (Coreidae, Hemiptera)em laboratorio [Praga de planta; Inseto] | |
| 650 | _aPraga de planta | ||
| 650 | _aInseto | ||
| 650 | _aBiologia | ||
| 773 | 0 |
_tAnais da Sociedade Entomologica do Brasil (Brazil) _xISSN 0301-8059 _g(1976), v. 5(2) p. 130-137 _wBR7602136 |
|
| 909 |
_a202311 _bLúcia _c55 _dLúcia Elande |
||
| 942 |
_2AGRIS _n0 _cANA |
||
| 999 |
_c95475 _d95475 |
||